Elements of the Periodic Table That Start With A Vowel - Statistics

General Stats
  • This quiz has been taken 80 times
  • The average score is 12 of 18
Answer Stats
Element % Correct
Oxygen
89%
Argon
86%
Uranium
86%
Aluminium
81%
Arsenic
78%
Iodine
78%
Iridium
67%
Iron
64%
Astatine
61%
Einsteinium
59%
Americium
56%
Antimony
56%
Indium
56%
Oganesson
52%
Osmium
52%
Actinium
48%
Erbium
47%
Europium
44%
No matching quizzes found
Score Distribution
Percent of People with Each Score
Percentile by Number Answered
Your Score History
You have not taken this quiz